01779cam a2200337 i 4500001001500000003000900015005001700024008004100041020001800082040002800100041000800128050002400136100002700160245012700187246003100314250001200345260004600357300003400403490003100437504005100468505052800519526000801047590003501055650003001090650005901120700002901179700003501208942001201243952016901255999001701424BD-DhNSU-30889BD-DhNSU20251116112305.0251116s2022 mnua g b 001 0 eng d a9781647085339 aDLCcBD-DhNSUdBD-DhNSU aeng00aKZ1242.5b.O26 20221 aO'Connell, Mary Ellen,14aThe international legal system :bcases and materials /cby Mary Ellen O'Connell, Richard F. Scott and Naomi Roht-Arriaza.30aInternational legal system a8th ed. aSt. Paul, MN :bFoundation Press,cc2022. axi, 1224 p. :bill. ;c26 cm.0 aUniversity casebook series aIncludes bibliographical references and index.0 aIntroduction to the international legal system -- The sources and evidence of international law -- Subjects of international law -- Jurisdiction and immunities -- Human rights -- Earth law : protection of the environment -- Earth law : the law of common spaces -- International economic and developement law -- International legal process : responsibility and dispute resolution -- International law and the use of force -- International law in national and regional systems -- Theories for the future of international law. aLaw aSumaiya Kainat Bintey Kohinoor 0aInternational lawvCases. 0aInternational and municipal lawzUnited StatesvCases.1 aScott, Richard,eauthor.1 aRoht-Arriaza, Naomi.,eauthor. 2lcccBK 00102lcc40708NFICaNSULbNSULcGENd2025-11-12eBM Book TradersfBDTg38480.00i076:2025l0m1oKZ1242.5.O26 2022p49169r2025-11-16 11:36:37t1w2025-11-02yBK c30889d30889